Dayanand anglo-vedic school of Lahore : (Record no. 1309144)

MARC details
000 -LEADER
fixed length control field 00505nam a22001697a 4500
005 - DATE AND TIME OF LATEST TRANSACTION
control field 20250418143030.0
008 - FIXED-LENGTH DATA ELEMENTS--GENERAL INFORMATION
fixed length control field 250418b |||||||| |||| 00| 0 eng d
020 ## - INTERNATIONAL STANDARD BOOK NUMBER
International Standard Book Number 9789360801137
040 ## - CATALOGING SOURCE
Original cataloging agency SDCL
Transcribing agency SDCL
041 ## - LANGUAGE CODE
Source of code eng
Language code of text/sound track or separate title eng
084 ## - COLON CLASSIFICATION NUMBER
Classification number V:(T).2'L R4
100 ## - MAIN ENTRY--PERSONAL NAME
Personal name Kakkar, Ankur
9 (RLIN) 752432
245 ## - TITLE STATEMENT
Title Dayanand anglo-vedic school of Lahore :
Remainder of title A study of educational reform in colonial Punjab, C. 1885-1925
260 ## - PUBLICATION, DISTRIBUTION, ETC.
Place of publication, distribution, etc. New Delhi :
Name of publisher, distributor, etc. Manohar,
Date of publication, distribution, etc. 2024.
300 ## - PHYSICAL DESCRIPTION
Extent 310p.
942 ## - ADDED ENTRY ELEMENTS (KOHA)
Source of classification or shelving scheme Colon Classification (CC)
Koha item type Textual
Suppress in OPAC No
Holdings
Withdrawn status Lost status Source of classification or shelving scheme Damaged status Not for loan Home library Current library Date acquired Source of acquisition Inventory number Total Checkouts Full call number Barcode Date last seen Price effective from Koha item type
    Colon Classification (CC)     South Campus Library South Campus Library 2025-04-18 Pioneer Book Distributor 64, 11/12/2024, INR 1795.00   V:(T).2'L R4 SC1690700 2025-04-18 2025-04-18 Textual
Copyright @ Delhi University Library System